Manual de perspectiva / (Record no. 36487)

MARC details
000 -CABECERA
campo de control de longitud fija 00508nam a2200181 a 4500
005 - FECHA Y HORA DE LA ÚLTIMA TRANSACCIÓN
campo de control 20210219151549.0
008 - ELEMENTOS DE LONGITUD FIJA--INFORMACIÓN GENERAL
campo de control de longitud fija 991125s1971 bar 000 0 spa u
035 ## - NÚMERO DE CONTROL DEL SISTEMA
Número de control de sistema UPN01000036487
049 ## - COLECCIÓN
Colección CG
050 #4 - SIGNATURA TOPOGRÁFICA DE LA BIBLIOTECA DEL CONGRESO
Número de clasificación NC750 C5.48
Número de documento/Ítem 1971
100 1# - ASIENTO PRINCIPAL--NOMBRE PERSONAL
Nombre de persona Claudi, Claudio
245 10 - MENCIÓN DE TÍTULO
Título Manual de perspectiva /
Mención de responsabilidad, etc. por Claudio Claudi ; tr. E. Ruíz
260 ## - PUBLICACIÓN, DISTRIBUCIÓN, ETC.
Lugar de publicación, distribución, etc. Barcelona, Esp. :
Nombre del editor, distribuidor, etc. G. Gili,
Fecha de publicación, distribución, etc. 1971
300 ## - DESCRIPCIÓN FÍSICA
Extensión 86 p., [8] h. pleg. :
Otras características físicas il
650 #4 - ASIENTO SECUNDARIO DE MATERIA - TERMINO TEMATICO
Término de materia o nombre geográfico como elemento de entrada PERSPECTIVA-
Subdivisión de forma MANUALES
904 ## - ELEMENTOS DE DATOS D LOCAL, LDD (RLIN)
a AC
b 036488
905 ## - TIPO DE MATERIAL
Tipo de material Libro
Holdings
Estado de retiro Estado de pérdida Fuente del sistema de clasificación o colocación Estado dañado No para préstamo Código de colección Localización permanente Ubicación/localización actual Ubicación en estantería Enumeración/cronología de publicación seriada Total de préstamos Clasificación Código de barras Fecha visto por última vez Número de copia Tipo de ítem Koha
    Library of Congress Classification     Colección General Bib. Gregorio Torres Quintero Bib. Gregorio Torres Quintero Planta baja -   NC750 C5.48 1971 8273 31/12/2020 1 Libro